000 00891nam a2200241Ia 4500
001 1269
003 GE_BSU
008 181216s||||||||xx |||||||||||||| ||und||
040 _cGE_BSU
080 _a630(075.8)
100 _aდარახველიძე, ვ, მეტრეველი პ, ჩიხლაძე ლ.
245 _aმეტყევეობის საფუძვლები.
245 _bსასოფლო სამეურნეო ინსტიტუტის სტუდენტებისათვის.
250 _a2-ე შესწ.
260 _aთბილისი.
260 _bგანათლება.
260 _c1965.
300 _a364 გვ.20 სმ.
541 _h7 ლ.
653 _aმეტყევეობა.
653 _aმეტყევეობის საფუძვლები.
942 _cBK
999 _c35414
_d35414